• 首页
  • 本馆介绍
  • 公告通知
  • 最新文献
  • 馆藏检索
  • 电子资源
  • 读者导购
  • 参考咨询
  • 我的图书馆
  • 登录
  • 详细信息显示
  • 放入我的书架
  • 预约/预借图书
  • 作者相关作品
  • 分类相关作品
  • 丛书相关作品
  • 出版社相关作品

书目信息

  • 表格格式
  • 工作单格式
  • 卡片格式
题名:
香料及其应用
    
 
作者: 范成有 编
分册:  
出版信息: 北京   化学工业出版社  1990.9
页数: 392页
开本: 26cm
丛书名:
单 册:
中图分类: TQ65
科图分类:
主题词: 香料--化学工业 , 化妆品--化学工业
电子资源:
ISBN: 7-5025-0631-4
000 00720nam0 2200229 45
001 0191017689
005 20051229110127.98
010    @a7-5025-0631-4@dCNY14.40
100    @a19910729d1990 em y0chiy0121 ea
101 0  @achi
102    @aCN@b110000
105    @ay z 000yy
200 10 @a香料及其应用@AXIANG LIAO JI QI YING YONG@f范成有编@FFAN CHENG YOU BIAN
210    @a北京@c化学工业出版社@d1990.9
215    @a392页@d26cm
330    @a本书主要包括香料概说、香化学概说、香料化合物的命名、合成香料、调香、香料的分析检验和安全性等内容。
606 0  @a香料@x化学工业
606 0  @a化妆品@x化学工业
690    @aTQ65
701  0 @a范成有@AFAN CHENG YOU@4编
801  0 @aCN@bNLC@c20051229
905    @f1@b246001@dTQ65@e6
    
    香料及其应用/范成有编.-北京:化学工业出版社,1990.9
    392页;26cm
    
    
    ISBN 7-5025-0631-4:CNY14.40
    本书主要包括香料概说、香化学概说、香料化合物的命名、合成香料、调香、香料的分析检验和安全性等内容。
●
相关链接 在E读中查询图书 在五车中查询图书 在当当中查询图书 在豆瓣中查询图书


正题名:香料及其应用     索取号:TQ65/6         预约/预借

序号 登录号 条形码 馆藏地/架位号 状态 备注
1 0246000   202174743   密集书库/ [索取号:TQ65/6] 在馆    
2 0246001   001480061   第三借阅区/ [索取号:TQ65/6] 在馆    
3 0246002   001480070   第二样本阅览室/ [索取号:TQ65/6] 在馆    
唐山师范学院图书馆 欢迎您!
大连网信软件有限公司© 版权所有